| 000 | 00357cam a22001217a 4500 | ||
|---|---|---|---|
| 008 | 180718b1973 xxu||||| |||| 00| 0 eng d | ||
| 082 | _aX83x42 Un3 | ||
| 245 |
_aOut of sight out of mind _cBy HMSO |
||
| 260 |
_aLondon _bHMSO _c1973 |
||
| 300 | _a103p. | ||
| 650 | _aSewage sludge -- England. | ||
| 650 | _aWaste disposal in the ocean -- England -- Liverpool Bay | ||
| 999 |
_c412861 _d412861 |
||